[Event "Bayern-chTT (LL Sued)"]
[Site "Bayern 2008/09"]
[Date "2009.03.15"]
[Round "8.3"]
[White "Grimberg, Boris"]
[Black "Krklec, Daniel"]
[Result "1-0"]
[WhiteElo "2323"]
[BlackElo "2129"]
[PlyCount "81"]
[EventDate "2009.03.??"]
[EventType "team-tourn"]
[EventRounds "9"]
[WhiteTeam "Haunstetten 1"]
[BlackTeam "Zugzwang-82 /1"]

1. e4 c5 2. Nf3 d6 3. d4 cxd4 4. Nxd4 Nf6 5. Nc3 a6 6. Bc4 e6 7. Bb3 Be7 8. g4
Nc6 9. g5 Nxd4 10. Qxd4 e5 11. Qd1 Nd7 12. Rg1 Nc5 13. Be3 Nxb3 14. axb3 Be6
15. Nd5 O-O 16. f4 Bxd5 17. Qxd5 exf4 18. Bxf4 Qb6 19. O-O-O Rac8 20. Rg2 Rc5
21. Qd3 Qc6 22. Kb1 a5 23. Bxd6 Bxd6 24. Qxd6 Qxe4 25. Qxc5 Qxg2 26. h4 Qe2 27.
Rd4 b5 28. Rd5 a4 29. b4 Rb8 30. Re5 Qd1+ 31. Ka2 Qd7 32. Re7 Qd8 33. h5 Rc8
34. Qe5 Qf8 35. Ka3 h6 36. g6 f6 37. Qe6+ Kh8 38. Rxg7 Qxg7 39. Qxc8+ Qg8 40.
Qxg8+ Kxg8 41. c4 1-0

[Event "Bayern-chTT (LL Sued)"]
[Site "Bayern 2008/09"]
[Date "2009.03.15"]
[Round "8.4"]
[White "Bonacci, Mauro"]
[Black "Wolf, Armin(61)"]
[Result "0-1"]
[WhiteElo "2127"]
[BlackElo "2129"]
[PlyCount "62"]
[EventDate "2009.03.??"]
[EventType "team-tourn"]
[EventRounds "9"]
[WhiteTeam "Zugzwang-82 /1"]
[BlackTeam "Haunstetten 1"]

1. e4 g6 2. d4 Bg7 3. Nc3 d6 4. Nf3 a6 5. Be3 b5 6. Qd2 Bb7 7. Bd3 Nd7 8. a4 c6
9. O-O e5 10. dxe5 dxe5 11. Rfd1 Ngf6 12. Bh6 O-O 13. h3 Qe7 14. Qe3 Nc5 15.
Bg5 Rfe8 16. Nh2 Ne6 17. Bh4 Qc7 18. b3 Nh5 19. Bf1 Nd4 20. Rd2 f6 21. Ne2 Rad8
22. Rad1 c5 23. Ng4 Qe7 24. axb5 axb5 25. Rb1 b4 26. c3 Ne6 27. cxb4 cxb4 28.
Ng3 Rxd2 29. Qxd2 Nxg3 30. Bxg3 Bxe4 31. Bc4 Bxb1 0-1

[Event "Bayern-chTT (LL Sued)"]
[Site "Bayern 2008/09"]
[Date "2009.03.15"]
[Round "8.5"]
[White "Herb, Stefan"]
[Black "Beckers, Thomas"]
[Result "1/2-1/2"]
[WhiteElo "2029"]
[BlackElo "2000"]
[PlyCount "87"]
[EventDate "2009.03.??"]
[EventType "team-tourn"]
[EventRounds "9"]
[WhiteTeam "Haunstetten 1"]
[BlackTeam "Zugzwang-82 /1"]

1. Nf3 d5 2. c4 c6 3. b3 Nf6 4. Bb2 g6 5. e3 Bg7 6. Be2 Bf5 7. O-O Bxb1 8. Rxb1
O-O 9. Qc2 Ne4 10. Rfc1 Bxb2 11. Qxb2 e6 12. d3 Nf6 13. b4 Nbd7 14. c5 a6 15.
a4 Qe7 16. d4 e5 17. dxe5 Ng4 18. Nd4 Ngxe5 19. Qc3 Rfe8 20. b5 axb5 21. axb5
cxb5 22. Rxb5 Rec8 23. Qb3 Rxc5 24. Rbxc5 Nxc5 25. Qxd5 Ned3 26. Bxd3 Nxd3 27.
Rb1 Qb4 28. Rf1 Qb2 29. g3 Ra1 30. Qd8+ Kg7 31. Nf5+ gxf5 32. Qg5+ Kf8 33. Qd8+
Kg7 34. Qxd3 Rxf1+ 35. Kxf1 Kf6 36. Qd6+ Kg7 37. Qd3 Kf6 38. Qd6+ Kg7 39. Qd3
Kf6 40. Qd8+ Ke6 41. Qe8+ Kd6 42. Qd8+ Ke6 43. Qe8+ Kd6 44. Qd8+ 1/2-1/2

[Event "Bayern-chTT (LL Sued)"]
[Site "Bayern 2008/09"]
[Date "2009.03.15"]
[Round "8.6"]
[White "Beck, Alexander(74)"]
[Black "Fehmer, Dirk"]
[Result "1-0"]
[WhiteElo "2065"]
[BlackElo "2021"]
[PlyCount "76"]
[EventDate "2009.03.??"]
[EventType "team-tourn"]
[EventRounds "9"]
[WhiteTeam "Zugzwang-82 /1"]
[BlackTeam "Haunstetten 1"]

1. d4 d5 2. c4 c6 3. Nf3 Nf6 4. e3 Bf5 5. Nc3 e6 6. Bd3 Bxd3 7. Qxd3 Nbd7 8.
O-O Bb4 9. b3 O-O 10. Bb2 Bxc3 11. Bxc3 Ne4 12. Nd2 Nxd2 13. Bxd2 f5 14. Bb4
Rf6 15. Bd6 Rh6 16. f3 Qf6 17. g3 e5 18. dxe5 Nxe5 19. Bxe5 Qxe5 20. Rad1 dxc4
21. Qxc4+ Re6 22. Rfe1 b5 23. Qd4 Qxd4 24. Rxd4 Rae8 25. Kf2 R8e7 26. Rd3 Kf7
27. Rc1 Rc7 28. Rc5 g6 29. Ke2 Ke7 30. h3 h5 31. Rd4 Rd7 32. Rxd7+ Kxd7 33. b4
Kd6 34. Kd3 a5 35. a3 axb4 36. axb4 Re8 37. e4 fxe4+ 38. fxe4 Ra8 1-0

[Event "Bayern-chTT (LL Sued)"]
[Site "Bayern 2008/09"]
[Date "2009.03.15"]
[Round "8.7"]
[White "Rubke, Manfred"]
[Black "Brychcy, Felix"]
[Result "0-1"]
[WhiteElo "2107"]
[BlackElo "2070"]
[PlyCount "86"]
[EventDate "2009.03.??"]
[EventType "team-tourn"]
[EventRounds "9"]
[WhiteTeam "Haunstetten 1"]
[BlackTeam "Zugzwang-82 /1"]

1. c4 e5 2. Nc3 Nf6 3. e4 Nc6 4. d3 h6 5. Be3 Bb4 6. h3 d6 7. Nge2 Bd7 8. g3
Bc5 9. Bxc5 dxc5 10. Bg2 Nd4 11. O-O c6 12. f4 Qe7 13. a4 O-O-O 14. Nxd4 cxd4
15. Ne2 g5 16. Qd2 Rdg8 17. f5 c5 18. Rfb1 Bc6 19. b4 cxb4 20. Rxb4 Nd7 21. Nc1
Nc5 22. Bf3 g4 23. Bxg4 f6 24. Kh2 h5 25. Bf3 Rg5 26. Rb2 Rxf5 27. exf5 Bxf3
28. Qb4 Rg8 29. Nb3 Qg7 30. Qxc5+ Kb8 31. Rg1 h4 32. g4 Qg5 33. Rgg2 Qf4+ 34.
Kg1 Qe3+ 35. Rbf2 Bxg2 36. Kxg2 Qg3+ 37. Kf1 Qxd3+ 38. Ke1 Qb1+ 39. Ke2 Qxb3
40. Rf3 Qc2+ 41. Ke1 e4 42. Qd6+ Ka8 43. Qe6 Rb8 0-1

[Event "Bayern-chTT (LL Sued)"]
[Site "Bayern 2008/09"]
[Date "2009.03.15"]
[Round "8.8"]
[White "Callenberg, Ralf"]
[Black "Weichlein, Paul"]
[Result "1-0"]
[WhiteElo "1996"]
[BlackElo "1823"]
[PlyCount "93"]
[EventDate "2009.03.??"]
[EventType "team-tourn"]
[EventRounds "9"]
[WhiteTeam "Zugzwang-82 /1"]
[BlackTeam "Haunstetten 1"]

1. c4 Nf6 2. g3 g6 3. Bg2 Bg7 4. Nc3 O-O 5. e4 d6 6. Nge2 Nbd7 7. O-O e5 8. d3
Nh5 9. g4 Nhf6 10. Ng3 Nc5 11. h3 Ne6 12. Nce2 Ne8 13. Be3 Qh4 14. Qd2 h5 15.
gxh5 f5 16. h6 Bh8 17. exf5 gxf5 18. f4 exf4 19. Bxf4 Nxf4 20. Qxf4 Qxf4 21.
Rxf4 Be5 22. Rf2 Bxb2 23. Rb1 Be5 24. Bxb7 Bxb7 25. Rxb7 f4 26. d4 fxg3 27. h7+
Kg7 28. Rxf8 Kxf8 29. dxe5 Kg7 30. exd6 Kxh7 31. dxc7 Rc8 32. Rb8 Rxc7 33. Rxe8
Rxc4 34. Nxg3 Rc1+ 35. Kf2 Rc2+ 36. Re2 Rc3 37. Re7+ Kh6 38. Rxa7 Rc4 39. a4
Rc2+ 40. Kf3 Rc3+ 41. Kf4 Rc4+ 42. Ne4 Rd4 43. a5 Kh5 44. Ra6 Ra4 45. Rc6 Rb4
46. a6 Ra4 47. a7 1-0

[Event "Bayern-chTT (LL Sued)"]
[Site "Bayern 2008/09"]
[Date "2009.03.15"]
[Round "8.1"]
[White "Lickleder, Andreas"]
[Black "Riediger, Martin"]
[Result "1-0"]
[WhiteElo "2195"]
[BlackElo "2238"]
[PlyCount "80"]
[EventDate "2009.03.??"]
[EventType "team-tourn"]
[EventRounds "9"]
[WhiteTeam "München-Bayern 3"]
[BlackTeam "Rottal 1"]

1. e4 c5 2. Nf3 e6 3. b3 d6 4. d4 Nf6 5. Bd3 cxd4 6. Nxd4 Nbd7 7. O-O Be7 8. c4
Nc5 9. Nc3 O-O 10. Bc2 g6 11. b4 Ncd7 12. a3 a6 13. Qe2 Qc7 14. Bb2 Re8 15.
Rac1 b6 16. Rfe1 Bf8 17. Ba4 Bh6 18. Rc2 Bb7 19. Nf3 Rac8 20. Bb3 Qb8 21. Qd3
Red8 22. Nb1 Ne5 23. Nxe5 dxe5 24. Qh3 Bg7 25. Rce2 Nh5 26. Qc3 Nf4 27. Re3 Rd4
28. Nd2 Rcd8 29. Nf3 Rd3 30. Qc2 R3d7 31. Bc3 Nd3 32. Rb1 Qc7 33. Ne1 Nxe1 34.
Rbxe1 Qc6 35. Qb2 Qc7 36. R3e2 Kh8 37. Rd2 Rxd2 38. Bxd2 Rd4 39. f3 f5 40. exf5
exf5 1-0

[Event "Bayern-chTT (LL Sued)"]
[Site "Bayern 2008/09"]
[Date "2009.03.15"]
[Round "8.2"]
[White "Webersberger, Johann(82)"]
[Black "Niebergall, Gerhard"]
[Result "1-0"]
[WhiteElo "2290"]
[BlackElo "2024"]
[PlyCount "78"]
[EventDate "2009.03.??"]
[EventType "team-tourn"]
[EventRounds "9"]
[WhiteTeam "Rottal 1"]
[BlackTeam "München-Bayern 3"]

1. b3 c5 2. Bb2 Nc6 3. c4 d6 4. g3 e5 5. Bg2 g6 6. Nf3 Bg7 7. O-O Nge7 8. Nc3
O-O 9. e3 f5 10. d3 Rb8 11. a3 a6 12. Nd2 Be6 13. Nd5 Bf7 14. f4 Nxd5 15. cxd5
Ne7 16. e4 exf4 17. Bxg7 Kxg7 18. gxf4 b5 19. Qc2 Rc8 20. Kh1 Kg8 21. Rae1 Qc7
22. Bh3 Qb7 23. Qb2 Rc7 24. Bg2 Qb6 25. h4 Ra7 26. Nf3 h6 27. Bh3 Qd8 28. h5
Kh7 29. Rg1 Rg8 30. Qf6 Nc6 31. hxg6+ Bxg6 32. Rxg6 Rxg6 33. Qxd8 Nxd8 34. Bxf5
Kg7 35. Bxg6 Kxg6 36. Rg1+ Kf6 37. Nh4 Nf7 38. Rg6+ Ke7 39. Nf5+ Kd7 1-0

[Event "Bayern-chTT (LL Sued)"]
[Site "Bayern 2008/09"]
[Date "2009.03.15"]
[Round "8.3"]
[White "Rajic, Ivica"]
[Black "Bensch, Patrick"]
[Result "1/2-1/2"]
[WhiteElo "2090"]
[BlackElo "2181"]
[PlyCount "58"]
[EventDate "2009.03.??"]
[EventType "team-tourn"]
[EventRounds "9"]
[WhiteTeam "München-Bayern 3"]
[BlackTeam "Rottal 1"]

1. d4 Nf6 2. c4 g6 3. Nc3 d5 4. cxd5 Nxd5 5. e4 Nxc3 6. bxc3 Bg7 7. Bc4 c5 8.
Ne2 O-O 9. O-O Nc6 10. Be3 Na5 11. Bd3 b6 12. Qd2 e5 13. dxc5 Be6 14. Rfd1 Qc7
15. cxb6 axb6 16. Qb2 Nc4 17. Bxc4 Qxc4 18. f3 Rfb8 19. Nc1 Bf8 20. Nd3 f6 21.
Nb4 Bc5 22. Re1 Ra4 23. a3 Bxe3+ 24. Rxe3 Qc5 25. Qd2 Rba8 26. h4 Rxa3 27. Rxa3
Rxa3 28. Kh2 Ra1 29. Re1 Rxe1 1/2-1/2

[Event "Bayern-chTT (LL Sued)"]
[Site "Bayern 2008/09"]
[Date "2009.03.15"]
[Round "8.4"]
[White "Wagner, Hans(59)"]
[Black "Kunze, Holger"]
[Result "0-1"]
[WhiteElo "2116"]
[BlackElo "2083"]
[PlyCount "70"]
[EventDate "2009.03.??"]
[EventType "team-tourn"]
[EventRounds "9"]
[WhiteTeam "Rottal 1"]
[BlackTeam "München-Bayern 3"]

1. Nf3 d5 2. b3 Bg4 3. e3 Nf6 4. h3 Bxf3 5. Qxf3 Nbd7 6. g3 e5 7. Bg2 Bd6 8.
Bb2 O-O 9. O-O c6 10. d3 Qe7 11. Qe2 Rfe8 12. a3 a5 13. Nd2 e4 14. dxe4 Nxe4
15. Nxe4 dxe4 16. Rfd1 Be5 17. Bxe5 Qxe5 18. Bxe4 Qxe4 19. Rxd7 Qf5 20. Rad1
Qxh3 21. Qc4 Qf5 22. Rxb7 Re6 23. Qf4 Qh5 24. Rb8+ Re8 25. Rxe8+ Rxe8 26. Rd7
h6 27. Kg2 Re6 28. a4 Rf6 29. Qe4 g6 30. Rc7 Qe2 31. Kh3 Rxf2 32. Qe8+ Kg7 33.
Qe5+ Kh7 34. g4 Rf3+ 35. Kh4 Qf2+ 0-1

[Event "Bayern-chTT (LL Sued)"]
[Site "Bayern 2008/09"]
[Date "2009.03.15"]
[Round "8.5"]
[White "Enigl, Karl"]
[Black "Ager, Josef"]
[Result "0-1"]
[WhiteElo "2089"]
[BlackElo "2191"]
[PlyCount "50"]
[EventDate "2009.03.??"]
[EventType "team-tourn"]
[EventRounds "9"]
[WhiteTeam "München-Bayern 3"]
[BlackTeam "Rottal 1"]

1. d4 Nf6 2. Nf3 g6 3. c4 Bg7 4. Nc3 O-O 5. Bg5 d6 6. e3 c6 7. Be2 Qe8 8. h3
Na6 9. O-O Nd7 10. e4 Nc7 11. Qd2 f6 12. Be3 e5 13. dxe5 dxe5 14. b4 f5 15. Bh6
Ne6 16. Bxg7 Kxg7 17. c5 Nf4 18. Rad1 a5 19. a3 axb4 20. axb4 Ra3 21. Rfe1 Qe6
22. Rb1 Nf6 23. exf5 Qxf5 24. Rbc1 e4 25. Nh2 Qg5 0-1

[Event "Bayern-chTT (LL Sued)"]
[Site "Bayern 2008/09"]
[Date "2009.03.15"]
[Round "8.6"]
[White "Schwarzmeier, Klaus"]
[Black "Schuetz, Guenter(54)"]
[Result "0-1"]
[WhiteElo "2149"]
[BlackElo "2167"]
[PlyCount "146"]
[EventDate "2009.03.??"]
[EventType "team-tourn"]
[EventRounds "9"]
[WhiteTeam "Rottal 1"]
[BlackTeam "München-Bayern 3"]

1. c4 f5 2. Nf3 Nf6 3. g3 d6 4. Bg2 g6 5. O-O Bg7 6. Nc3 O-O 7. Rb1 a5 8. a3
Nc6 9. b4 axb4 10. axb4 Nh5 11. Qb3 Rb8 12. d3 f4 13. b5 Nd4 14. Nxd4 Bxd4 15.
Ne4 Bg4 16. Bb2 Bxb2 17. Qxb2 Qd7 18. Ra1 f3 19. exf3 Bxf3 20. Rfe1 Bxg2 21.
Kxg2 Qg4 22. Kg1 Nf4 23. Qd2 e6 24. Qd1 Nh3+ 25. Kg2 Qf5 26. f3 d5 27. Nf2 Nxf2
28. Kxf2 dxc4 29. dxc4 Rbd8 30. Qe2 Rd6 31. Rad1 Rfd8 32. Rxd6 Rxd6 33. Kg2 Kf7
34. Rd1 Ke7 35. Rd2 Qc5 36. Rxd6 cxd6 37. Qe4 d5 38. Qh4+ Ke8 39. Qxh7 dxc4 40.
Qxg6+ Kd8 41. Qf6+ Kc7 42. Qxe6 c3 43. b6+ Kd8 44. Qf6+ Kd7 45. Qf7+ Kc6 46.
Qc7+ Kb5 47. Qd7+ Kxb6 48. Qe6+ Ka5 49. Qa2+ Kb4 50. Qb1+ Kc4 51. Qf1+ Kd5 52.
Qd3+ Qd4 53. Qb5+ Kd6 54. Qxb7 Qc5 55. Qb8+ Kc6 56. Qe8+ Kb6 57. Qe6+ Ka5 58.
Qa2+ Kb4 59. Qb1+ Ka3 60. Qa1+ Kb3 61. Qb1+ Kc4 62. Qe4+ Qd4 63. Qe2+ Kb3 64.
Qe6+ Kb2 65. Kh3 c2 66. Qe2 Qd5 67. g4 Kb1 68. Qe1+ c1=Q 69. Qb4+ Qb2 70. Qe1+
Ka2 71. Qe3 Qh8+ 72. Kg2 Qhd4 73. Qe7 Qxg4+ 0-1

[Event "Bayern-chTT (LL Sued)"]
[Site "Bayern 2008/09"]
[Date "2009.03.15"]
[Round "8.7"]
[White "Klenk, Robert"]
[Black "Walch, Ingo(73)"]
[Result "0-1"]
[WhiteElo "2085"]
[BlackElo "1974"]
[PlyCount "131"]
[EventDate "2009.03.??"]
[EventType "team-tourn"]
[EventRounds "9"]
[WhiteTeam "München-Bayern 3"]
[BlackTeam "Rottal 1"]

1. d4 Nf6 2. c4 e6 3. Nc3 Bb4 4. Qc2 d5 5. a3 Bxc3+ 6. Qxc3 Ne4 7. Qc2 Nc6 8.
e3 e5 9. f3 Nf6 10. dxe5 Nxe5 11. cxd5 Qxd5 12. e4 Qd8 13. Be3 O-O 14. Rd1 Nfd7
15. Nh3 c6 16. Be2 Re8 17. O-O Qe7 18. Nf2 Nf8 19. f4 Ned7 20. Bf3 f5 21. e5
Qf7 22. Rfe1 Nb6 23. Nd3 Be6 24. Nc5 Bd5 25. Bxd5 Nxd5 26. b4 Ne6 27. g3 Red8
28. Nxe6 Qxe6 29. Bc5 Rd7 30. Bd6 a6 31. a4 h6 32. Qc4 Kf7 33. b5 axb5 34. axb5
Nc7 35. Qxe6+ Nxe6 36. bxc6 bxc6 37. Kf2 g5 38. fxg5 hxg5 39. h4 gxh4 40. gxh4
Ra4 41. Kg3 Rda7 42. Rf1 Kg6 43. Rg1 Kh5 44. Rb1 Rxh4 45. Rh1 f4+ 46. Kf3 Ng5+
47. Ke2 Rxh1 48. Rxh1+ Kg4 49. Rg1+ Kf5 50. Rc1 Ra6 51. Kd3 Rb6 52. Bc7 Rb3+
53. Ke2 Ne6 54. Bd6 Nd4+ 55. Kf2 Rb2+ 56. Kf1 f3 57. Rd1 Nc2 58. Kf2 Ke4 59.
Kg3 Ne3 60. Re1 Rg2+ 61. Kh3 Re2 62. Ra1 f2 63. e6 f1=Q+ 64. Rxf1 Nxf1 65. e7
Kf3 66. Kh4 0-1

[Event "Bayern-chTT (LL Sued)"]
[Site "Bayern 2008/09"]
[Date "2009.03.15"]
[Round "8.8"]
[White "Hackbarth, Wolfgang"]
[Black "Loos, Stephan(66)"]
[Result "1/2-1/2"]
[WhiteElo "2110"]
[BlackElo "2005"]
[PlyCount "47"]
[EventDate "2009.03.??"]
[EventType "team-tourn"]
[EventRounds "9"]
[WhiteTeam "Rottal 1"]
[BlackTeam "München-Bayern 3"]

1. c4 f5 2. g3 Nf6 3. Bg2 g6 4. Nf3 Bg7 5. O-O O-O 6. Nc3 d6 7. d4 Qe8 8. Bg5
e5 9. Qd2 e4 10. Ne1 Nc6 11. Nc2 Qf7 12. b3 Bd7 13. f3 exf3 14. Bxf3 Kh8 15.
Rae1 Rae8 16. Nd5 Ne4 17. Bxe4 Rxe4 18. Nxc7 Nxd4 19. e3 Nxc2 20. Qxc2 Bc6 21.
Nb5 Bxb5 22. Qxe4 fxe4 23. Rxf7 Rxf7 24. cxb5 1/2-1/2

[Event "Bayern-chTT (LL Sued)"]
[Site "Bayern 2008/09"]
[Date "2009.03.15"]
[Round "8.1"]
[White "Bredl, Harald"]
[Black "Safyanowsky, Mark"]
[Result "1/2-1/2"]
[WhiteElo "2310"]
[BlackElo "2214"]
[PlyCount "45"]
[EventDate "2009.03.??"]
[EventType "team-tourn"]
[EventRounds "9"]
[WhiteTeam "Garching 1"]
[BlackTeam "Dillingen 1"]

1. d4 g6 2. e4 Bg7 3. Nc3 d6 4. f4 Nc6 5. Bb5 Bd7 6. Nf3 a6 7. Be2 Bg4 8. d5
Bxf3 9. Bxf3 Nd4 10. Be3 e5 11. dxe6 Nxf3+ 12. Qxf3 fxe6 13. O-O-O Ne7 14. Ne2
Qd7 15. h4 O-O-O 16. h5 Rdf8 17. g4 Qa4 18. Kb1 Nc6 19. c3 gxh5 20. gxh5 Rhg8
21. h6 Bh8 22. Nd4 Bxd4 23. b3 1/2-1/2

[Event "Bayern-chTT (LL Sued)"]
[Site "Bayern 2008/09"]
[Date "2009.03.15"]
[Round "8.2"]
[White "Nuber, Korbinian"]
[Black "Schmitz, Thorsten(74)"]
[Result "0-1"]
[WhiteElo "2131"]
[BlackElo "2265"]
[PlyCount "170"]
[EventDate "2009.03.??"]
[EventType "team-tourn"]
[EventRounds "9"]
[WhiteTeam "Dillingen 1"]
[BlackTeam "Garching 1"]

1. e4 c5 2. d3 Nc6 3. Be3 Nf6 4. Nc3 d5 5. exd5 Nxd5 6. Nxd5 Qxd5 7. Qf3 Qd8 8.
c3 e5 9. Qg3 Be6 10. Be2 Qb6 11. Bc1 O-O-O 12. Nf3 f6 13. Nd2 Qc7 14. Ne4 f5
15. Ng5 Bg8 16. f4 Bd6 17. O-O h6 18. Qh3 g6 19. fxe5 Bxe5 20. Nf3 Bd6 21. Nh4
Qg7 22. Bf4 Bxf4 23. Rxf4 Bh7 24. Rf2 Rhe8 25. Rd1 Re7 26. Bf1 Kb8 27. Qg3+ Ka8
28. Re2 Rxe2 29. Bxe2 Qe5 30. Qxe5 Nxe5 31. h3 g5 32. Nf3 Nxf3+ 33. Bxf3 f4 34.
Be2 Kb8 35. Kf2 Kc7 36. g3 fxg3+ 37. Kxg3 Bf5 38. h4 Re8 39. Rd2 Re3+ 40. Kf2
Rh3 41. hxg5 hxg5 42. Bf1 Rh2+ 43. Ke3 Rxd2 44. Kxd2 Be6 45. a3 Kd6 46. Ke3 Ke5
47. Bg2 b6 48. d4+ cxd4+ 49. cxd4+ Kd6 50. Be4 Bd5 51. Bh7 Ke7 52. Bg6 Kf6 53.
Bd3 Ke6 54. Ba6 Bc6 55. b3 Kf5 56. Bc8+ Kf6 57. Kf2 Bd5 58. b4 Be6 59. Bb7 Kf5
60. Kg3 Bb3 61. Bc6 Bd1 62. Bb7 Ke6 63. Bc6 Kf6 64. Bb7 Bc2 65. Bc6 Bf5 66. a4
Ke6 67. a5 Kd6 68. Bf3 Bd7 69. axb6 axb6 70. Bg2 Bf5 71. Bf3 Be6 72. Bg2 Bd5
73. Bf1 Ke6 74. Bh3+ Kf6 75. Bf1 Be4 76. Bh3 Bc2 77. Bc8 Bb3 78. Bg4 Bc4 79.
Bc8 Be6 80. Bb7 Kf5 81. d5 Bf7 82. d6 Kf6 83. Bc6 Be6 84. Kf3 Bf5 85. Bd5 Ke5
0-1

[Event "Bayern-chTT (LL Sued)"]
[Site "Bayern 2008/09"]
[Date "2009.03.15"]
[Round "8.3"]
[White "Pitschka, Claus"]
[Black "Billing, Christian"]
[Result "0-1"]
[WhiteElo "2252"]
[BlackElo "2170"]
[PlyCount "122"]
[EventDate "2009.03.??"]
[EventType "team-tourn"]
[EventRounds "9"]
[WhiteTeam "Garching 1"]
[BlackTeam "Dillingen 1"]

1. e4 e5 2. Bc4 Nc6 3. Nf3 d6 4. d4 exd4 5. Nxd4 Nxd4 6. Qxd4 Qf6 7. Be3 Be7 8.
Nc3 c6 9. O-O Be6 10. Qd3 Bxc4 11. Qxc4 Qe6 12. Qb3 Qxb3 13. axb3 a6 14. Rfd1
Nf6 15. Rd3 O-O-O 16. Rad1 b5 17. f3 Rd7 18. Ne2 Kb7 19. Nd4 Rhd8 20. Nf5 Ne8
21. c4 Bf6 22. R1d2 g6 23. Nd4 Nc7 24. Kf2 c5 25. Ne2 Kc6 26. Nf4 Ne6 27. Nxe6
fxe6 28. f4 Rf8 29. g4 h5 30. h3 hxg4 31. hxg4 Rh8 32. Kg3 Bh4+ 33. Kg2 Bf6 34.
e5 Be7 35. Rd1 d5 36. cxd5+ Rxd5 37. Rxd5 exd5 38. f5 d4 39. Bf4 gxf5 40. gxf5
Rf8 41. f6 Bxf6 42. exf6 Rxf6 43. Kf3 Re6 44. Rh1 a5 45. Ra1 Kb6 46. Bg5 Re8
47. Bd2 b4 48. Rh1 Kb5 49. Rh5 Rc8 50. Ke4 a4 51. bxa4+ Kxa4 52. Rh3 Rd8 53.
b3+ Ka3 54. Rd3 Kb2 55. Bg5 Rd7 56. Bf4 Kc2 57. Be5 Re7 58. Rh3 d3 59. Kd5 d2
60. Rh2 Rxe5+ 61. Kxe5 Kc1 0-1

[Event "Bayern-chTT (LL Sued)"]
[Site "Bayern 2008/09"]
[Date "2009.03.15"]
[Round "8.4"]
[White "Baeuml, Ulrich"]
[Black "Schleich, Markus"]
[Result "1/2-1/2"]
[WhiteElo "2049"]
[BlackElo "2203"]
[PlyCount "62"]
[EventDate "2009.03.??"]
[EventType "team-tourn"]
[EventRounds "9"]
[WhiteTeam "Dillingen 1"]
[BlackTeam "Garching 1"]

1. Nf3 Nf6 2. g3 g6 3. Bg2 Bg7 4. c4 d6 5. Nc3 O-O 6. O-O e5 7. d3 h6 8. Rb1 a5
9. a3 Re8 10. Bd2 e4 11. Ne1 exd3 12. Nxd3 Nc6 13. Nf4 Bf5 14. Rc1 Ne5 15. e4
Bd7 16. Ncd5 Nxd5 17. cxd5 g5 18. Ne2 Nd3 19. Bxg5 hxg5 20. Qxd3 Bxb2 21. Rb1
Bf6 22. Rxb7 Bc8 23. Rbb1 Ba6 24. Qd2 Qd7 25. Rfc1 Qa4 26. Rxc7 Qxa3 27. Nc3
Rac8 28. Rxc8 Rxc8 29. e5 Qxc3 30. Qxc3 Rxc3 31. exf6 Bd3 1/2-1/2

[Event "Bayern-chTT (LL Sued)"]
[Site "Bayern 2008/09"]
[Date "2009.03.15"]
[Round "8.5"]
[White "Schoellmann, Jochen"]
[Black "Lederle, Vitus"]
[Result "0-1"]
[WhiteElo "2191"]
[BlackElo "2066"]
[PlyCount "77"]
[EventDate "2009.03.??"]
[EventType "team-tourn"]
[EventRounds "9"]
[WhiteTeam "Garching 1"]
[BlackTeam "Dillingen 1"]

1. d4 Nf6 2. Nc3 c5 3. d5 e6 4. e4 exd5 5. exd5 d6 6. Bg5 Be7 7. Nf3 O-O 8. Be2
Na6 9. Bxa6 bxa6 10. Qd3 Rb8 11. O-O-O Qb6 12. Rhe1 Rb7 13. b3 Bg4 14. h3 Bxf3
15. Qxf3 Qd8 16. Bf4 Re8 17. Rd2 Bf8 18. Rde2 Rxe2 19. Rxe2 c4 20. bxc4 Qc7 21.
Bg5 Nd7 22. Re4 Ne5 23. Qe2 f5 24. Rd4 Rb4 25. f4 Rxc4 26. Rxc4 Nxc4 27. Qe6+
Qf7 28. Qc8 Ne3 29. Qe6 Nc4 30. Qc8 Nb6 31. Qxa6 h6 32. Bd8 g5 33. Bxb6 axb6
34. Qxb6 Qe7 35. fxg5 Bg7 36. Qb4 Qxg5+ 37. Kb2 Qxg2 38. Qc4 Qxh3 39. a4 0-1

[Event "Bayern-chTT (LL Sued)"]
[Site "Bayern 2008/09"]
[Date "2009.03.15"]
[Round "8.6"]
[White "Nuber, Blasius"]
[Black "Wiegner, Denis"]
[Result "1-0"]
[WhiteElo "2094"]
[BlackElo "2188"]
[PlyCount "117"]
[EventDate "2009.03.??"]
[EventType "team-tourn"]
[EventRounds "9"]
[WhiteTeam "Dillingen 1"]
[BlackTeam "Garching 1"]

1. e4 e6 2. d3 d5 3. Nd2 Nf6 4. Ngf3 c5 5. g3 Be7 6. Bg2 O-O 7. O-O Nc6 8. Re1
b5 9. e5 Nd7 10. Nf1 b4 11. h4 a5 12. N1h2 Ba6 13. Ng4 a4 14. a3 Bb5 15. Bg5
Rc8 16. Qd2 Nb6 17. Qf4 Kh8 18. h5 Nd4 19. Bxe7 Nxf3+ 20. Bxf3 Qxe7 21. h6 g6
22. Red1 Nd7 23. c4 bxc3 24. bxc3 f5 25. exf6 Nxf6 26. Qe5 Kg8 27. Rab1 Nd7 28.
Qe3 Bc6 29. d4 c4 30. Re1 Rce8 31. Rb4 e5 32. Bg2 e4 33. f3 Qe6 34. Nf2 Nf6 35.
f4 Ng4 36. Bh3 Nxe3 37. Bxe6+ Rxe6 38. Rxe3 g5 39. fxg5 Rg6 40. Rb6 Be8 41.
Rxg6+ Bxg6 42. Ng4 Rf5 43. Ne5 Rxg5 44. g4 Bf5 45. Kf2 Be6 46. Re1 Kf8 47. Kg3
Ke7 48. Rb1 Kf6 49. Rb7 e3 50. Kf4 e2 51. Rb1 Rg8 52. Re1 Rb8 53. Rxe2 Rb3 54.
g5+ Ke7 55. g6 Bg8 56. Ng4+ Kf8 57. Nf6 hxg6 58. Re8+ Kf7 59. Rxg8 1-0

[Event "Bayern-chTT (LL Sued)"]
[Site "Bayern 2008/09"]
[Date "2009.03.15"]
[Round "8.7"]
[White "Nuessel, Georg"]
[Black "Giss, Arthur"]
[Result "1-0"]
[WhiteElo "2136"]
[BlackElo "2011"]
[PlyCount "47"]
[EventDate "2009.03.??"]
[EventType "team-tourn"]
[EventRounds "9"]
[WhiteTeam "Garching 1"]
[BlackTeam "Dillingen 1"]

1. c4 Nf6 2. Nc3 e6 3. g3 Be7 4. e4 O-O 5. d4 d5 6. e5 Ne8 7. cxd5 exd5 8. Bg2
c6 9. Nge2 Na6 10. O-O Be6 11. h3 f6 12. Kh2 fxe5 13. dxe5 Nc5 14. f4 g6 15. b4
Nd7 16. Nd4 Ng7 17. Nxe6 Nxe6 18. Nxd5 cxd5 19. Bxd5 Qb6 20. Qb3 Nxe5 21. Bxe6+
Nf7 22. f5 Qb5 23. Bc4 Qe5 24. fxg6 1-0

[Event "Bayern-chTT (LL Sued)"]
[Site "Bayern 2008/09"]
[Date "2009.03.15"]
[Round "8.8"]
[White "Nuber, Helene"]
[Black "Schlinkmeier, Karsten"]
[Result "0-1"]
[WhiteElo "2034"]
[BlackElo "2115"]
[PlyCount "58"]
[EventDate "2009.03.??"]
[EventType "team-tourn"]
[EventRounds "9"]
[WhiteTeam "Dillingen 1"]
[BlackTeam "Garching 1"]

1. e4 c6 2. d4 d5 3. exd5 cxd5 4. Bd3 Nf6 5. Nf3 Bg4 6. O-O Nc6 7. c3 Qc7 8. h3
Bh5 9. Re1 e6 10. Bg5 Nd7 11. Nbd2 Bd6 12. Qc2 Bg6 13. Bxg6 hxg6 14. Nh4 Rh5
15. Ndf3 Nf8 16. g4 Rh8 17. Rac1 Be7 18. Bxe7 Qxe7 19. c4 O-O-O 20. Qa4 Kb8 21.
c5 Rxh4 22. Nxh4 Qxh4 23. Rc3 Qf6 24. Rd1 g5 25. Kg2 Ng6 26. Rf3 Nf4+ 27. Kf1
Qg6 28. Ra3 Qe4 29. f3 Qe2+ 0-1

[Event "Bayern-chTT (LL Sued)"]
[Site "Bayern 2008/09"]
[Date "2009.03.29"]
[Round "9.1"]
[White "Straub, Juergen Dr"]
[Black "Bredl, Harald"]
[Result "0-1"]
[WhiteElo "2187"]
[BlackElo "2310"]
[PlyCount "92"]
[EventDate "2009.03.??"]
[EventType "team-tourn"]
[EventRounds "9"]
[WhiteTeam "Ingolstadt 1"]
[BlackTeam "Garching 1"]

1. e4 e5 2. Nf3 Nc6 3. Bb5 a6 4. Ba4 f5 5. d4 exd4 6. Nxd4 Nxd4 7. Qxd4 c5 8.
Qe5+ Qe7 9. Qxe7+ Bxe7 10. c4 fxe4 11. Nc3 Nf6 12. Bc2 b6 13. Nxe4 Bb7 14. Nc3
d5 15. cxd5 Nxd5 16. Nxd5 Bxd5 17. O-O O-O-O 18. Be3 Bf6 19. a4 Kb7 20. Rfd1
Bc6 21. a5 b5 22. Bxc5 Bxb2 23. Rab1 Bc3 24. Bb6 Rxd1+ 25. Rxd1 h6 26. f3 Re8
27. Kf2 Be5 28. g3 g5 29. Bb3 Bc7 30. Bxc7 Kxc7 31. f4 gxf4 32. gxf4 Re4 33. f5
Rf4+ 34. Kg1 Rxf5 35. Re1 Rg5+ 36. Kf1 Bd5 37. Bxd5 Rxd5 38. Re7+ Rd7 39. Re6
Rd6 40. Re7+ Kc6 41. Re5 b4 42. Ke1 Rd5 43. Re6+ Kb5 44. Rxh6 Kxa5 45. Rh8 b3
46. Rb8 Ka4 0-1